[Event "Reykjavik op 21st"]
[Site "Reykjavik"]
[Date "2004.03.10"]
[Round "4"]
[White "Carlsen, Magnus"]
[Black "Nataf, Igor Alexandre"]
[Result "0-1"]
[WhiteElo "2484"]
[BlackElo "2569"]
[PlyCount "96"]
[EventDate "2004.03.07"]
[EventType "swiss"]
[EventRounds "9"]
[EventCountry "ISL"]
[SourceTitle "CBM 099 Extra"]
[Source "ChessBase"]
[SourceDate "2004.05.04"]
[SourceVersion "1"]
[SourceVersionDate "2004.05.04"]
[SourceQuality "1"]

1. e4 c5 2. Nf3 Nc6 3. Nc3 Nf6 4. Bb5 Qc7 5. Bxc6 dxc6 6. e5 Nd5 7. Ne4 ({RR} 7. h3 Bf5 8. O-O h6 9. Re1 e6 10. Ne2 g5 11. Ng3 Bg6 12. d3 Be7 13. a3 O-O-O 14. Qe2 Rhg8 15. Bd2 b6 16. Reb1 c4 17. dxc4 Nf4 18. Bxf4 gxf4 19. Nf1 Bh5 20. Re1 Rg7 21. Qe4 Rdg8 {Chen,Y (2074)-Annaberdiev,M (2436) chess.com INT 2025 ½-½ (47)}) 7... Bg4 8. O-O e6 9. c4 $146 ({RR} 9. Re1 Be7 10. h3 Bxf3 11. Qxf3 Qxe5 12. d3 O-O 13. c4 Nf6 14. Bf4 Qf5 15. Ng3 Qg6 16. b3 Rfd8 17. Rad1 Rd7 18. Be5 Rad8 19. Bxf6 Bxf6 20. Ne4 Bd4 21. Re2 b6 22. Red2 e5 23. Ng3 Rd6 {Kleibel,U (2302)-Domin,Y (2088) chess.com INT 2024 0-1 (50)}) ({RR} 9. d4 cxd4 10. Qxd4 Bxf3 11. gxf3 O-O-O 12. Qxa7 Qxe5 13. Qa8+ Qb8 14. Qxb8+ Kxb8 15. c4 Nc7 16. Ng5 Rd7 17. Bf4 Bc5 18. Rad1 Rhd8 19. Rxd7 Rxd7 20. Be5 h6 21. Ne4 Bf8 22. Re1 f6 23. Bg3 e5 {Matinian,N (2472)-Shchukin,D (2318) St Petersburg 2013 0-1 (66)}) 9... Nb4 10. d4 Rd8 11. Qb3 Bxf3 12. gxf3 Rxd4 13. Be3 Rd3 14. Qa4 Na6 15. Rad1 Rxd1 16. Rxd1 Qxe5 17. Qb3 Qc7 18. Qd3 Be7 19. Bf4 Qc8 20. Nd6+ Bxd6 21. Qxd6 f6 22. a3 Rf8 23. b4 cxb4 24. axb4 Rf7 25. b5 cxb5 26. cxb5 Nc5 27. Rc1 b6 28. Be3 Rc7 29. Kg2 Kf7 30. Rc4 Qd7 31. Qg3 e5 32. Rg4 Kg8 33. Qh4 Ne6 34. Rg3 f5 35. Rh3 Nf8 36. Qb4 f4 37. Bd2 Qf7 38. Rh4 Rc4 39. Qb2 Rc5 40. Rg4 Ne6 41. Qb1 h5 42. Rg6 Rxb5 43. Qe4 Rd5 44. Qxd5 Qxg6+ 45. Kf1 Qb1+ 46. Kg2 Qf5 47. Bc3 Kh7 48. h4 Nf8 0-1

[Event "Reykjavik op 21st"]
[Site "Reykjavik"]
[Date "2004.03.14"]
[Round "7"]
[White "Korneev, Oleg"]
[Black "Carlsen, Magnus"]
[Result "1-0"]
[WhiteElo "2566"]
[BlackElo "2484"]
[PlyCount "49"]
[EventDate "2004.03.07"]
[EventType "swiss"]
[EventRounds "9"]
[EventCountry "ISL"]
[SourceTitle "CBM 099 Extra"]
[Source "ChessBase"]
[SourceDate "2004.05.04"]
[SourceVersion "1"]
[SourceVersionDate "2004.05.04"]
[SourceQuality "1"]

1. e4 c5 2. Nf3 d6 3. d4 cxd4 4. Nxd4 Nf6 5. Nc3 g6 6. Be3 Bg7 7. f3 Nc6 8. Qd2 O-O 9. O-O-O Bd7 10. g4 Rc8 11. Kb1 Ne5 12. Be2 b5 ({RR} 12... a6 13. h4 b5 14. h5 Be6 15. hxg6 Nxg6 16. Nf5 b4 17. Nd5 Bxd5 18. exd5 {1-0 (18) Perunovic,M (2501)-Vesovic,N (1812) Herceg Novi MNE 2025}) 13. Ncxb5 ({RR} 13. Ndxb5 Bxb5 14. Nxb5 Rb8 15. c4 a6 16. Nd4 Qc7 17. Rc1 Rb7 18. Nb3 Nfd7 19. f4 Nc6 20. c5 dxc5 21. e5 g5 22. Bxc5 Ndb8 23. Bf3 Rd8 24. Qe3 gxf4 25. Qxf4 Bxe5 26. Qg5+ Bg7 27. Be4 a5 {Korneev,O (2560)-Fedorov,A (2595) Krasnodar 1998 0-1 (64)}) 13... a6 ({RR} 13... Nexg4 14. fxg4 Nxe4 15. Qd3 Nc5 16. Qa3 a6 17. Nc3 Rb8 18. Bf3 Qc8 19. h3 e5 20. Nb3 e4 21. Nd5 Re8 22. Be2 Bc6 23. Bxc5 dxc5 24. Qxc5 Qb7 25. Rhf1 Re5 26. c4 e3 27. Qd6 Re6 28. Qa3 {Korneev,O (2602)-Ortiz Fernandez,V (2138) Linares 2005 1-0 (36)}) 14. Nc3 Nc4 $146 ({RR} 14... Qc7 15. h4 Rb8 16. h5 Rfc8 17. Nb3 Be6 18. hxg6 fxg6 19. g5 Nh5 20. Rdg1 Nc4 21. Bxc4 Qxc4 22. Nd5 Bxd5 23. Qxd5+ Qxd5 24. exd5 a5 25. Rh4 Rf8 26. Ra4 Rxf3 27. Bc1 Ng3 28. Re1 Be5 29. Rxa5 {Bruhovich,O (2208)-Golubev,M (2461) chess.com INT 2024 0-1 (39)}) ({RR} 14... Qc7 15. h4 Rb8 16. h5 Rfc8 17. Nb3 Be6 18. hxg6 fxg6 19. g5 Nh5 20. Rdg1 Nc4 21. Bxc4 Qxc4 22. Nd5 Bxd5 23. Qxd5+ Qxd5 24. exd5 a5 25. Rh4 Rf8 26. Ra4 Rxf3 27. Bc1 Ng3 28. Re1 Be5 29. Rxa5 {Bruhovich,O (2208)-Golubev,M (2461) chess.com INT 2024 0-1 (39)}) 15. Bxc4 Rxc4 16. b3 Qb8 17. Ka1 Rfc8 18. Nde2 Bxg4 19. e5 Bxf3 20. exf6 Bxf6 21. Bd4 Bxd4 22. Nxd4 Bxh1 23. Rxh1 Qb7 24. Rg1 R4c5 25. Rg3 1-0

[Event "Reykjavik op 21st"]
[Site "Reykjavik"]
[Date "2004.03.16"]
[Round "9"]
[White "Bjornsson, Sigurbjorn"]
[Black "Carlsen, Magnus"]
[Result "1/2-1/2"]
[WhiteElo "2337"]
[BlackElo "2484"]
[PlyCount "86"]
[EventDate "2004.03.07"]
[EventType "swiss"]
[EventRounds "9"]
[EventCountry "ISL"]
[SourceTitle "CBM 099 Extra"]
[Source "ChessBase"]
[SourceDate "2004.05.04"]
[SourceVersion "1"]
[SourceVersionDate "2004.05.04"]
[SourceQuality "1"]

1. e4 c5 2. c3 d5 3. exd5 Qxd5 4. d4 g6 5. Nf3 Bg7 6. Be3 cxd4 7. cxd4 Qa5+ 8. Nc3 Nh6 9. Bc4 Nf5 10. O-O O-O 11. Qb3 Nc6 12. d5 ({RR} 12. Rad1 Nd6 13. Be2 Bg4 14. h3 Bxf3 15. Bxf3 Rac8 16. Ne2 Rfd8 17. Rc1 Qb5 18. Qxb5 Nxb5 19. Bxc6 Rxc6 20. Rxc6 bxc6 21. Rc1 Nxd4 22. Nxd4 Bxd4 23. Rxc6 Bxe3 24. fxe3 Rd2 25. Rc8+ Kg7 26. Rb8 h5 {Khoo-Thwe,L (2275)-Harish,N (2028) Fagernes NOR 2025 ½-½}) 12... Ne5 13. Nxe5 Bxe5 14. Ne4 $146 ({RR} 14. Rad1 Nd6 15. Be2 Bf5 16. Bd4 Bg7 17. Bxg7 Kxg7 18. Rd4 a6 19. g4 Bd7 20. h4 Qc7 21. Ne4 e5 22. dxe6 Bxe6 23. Qc3 Qxc3 24. Nxc3 Nc8 25. Rfd1 Ne7 26. Bf3 Rab8 27. a3 Rfc8 28. R1d2 Nc6 {Schuetzhold,R-Goutor,V (1909) Vancouver 2004 1-0 (52)}) ({RR} 14. Rfe1 Bd6 15. Ne4 Bb4 16. Red1 Nd6 17. Bd3 Nxe4 18. Bxe4 Bd6 19. Rac1 Bd7 20. Qxb7 Bg4 21. f3 Rfb8 22. Qc6 Rc8 23. Qb7 Rcb8 24. Qc6 Rc8 25. Qb7 {½-½ (25) Henderson,D (2132)-Stewart,A (2073) England 2016}) 14... Nxe3 15. fxe3 Qb6 16. d6 e6 17. Rad1 Bd7 18. Qxb6 axb6 19. Nf6+ Bxf6 20. Rxf6 Ra5 21. Bb3 Kg7 22. Rf4 Rc8 23. Rb4 Rb5 24. Rxb5 Bxb5 25. e4 Kf6 26. a4 Ba6 27. Kf2 Ke5 28. Ke3 Rd8 29. d7 Kf6 30. Rd6 Ke7 31. e5 Rxd7 32. Rxd7+ Kxd7 33. Kd4 Bf1 34. g3 Ke7 35. Bd1 Bg2 36. h4 f5 37. b4 h6 38. b5 Bd5 39. Ke3 g5 40. h5 Kf7 41. Kd4 f4 42. gxf4 gxf4 43. Kd3 Ke7 1/2-1/2

[Event "Dubai op 6th"]
[Site "Dubai"]
[Date "2004.04.20"]
[Round "2"]
[White "Carlsen, Magnus"]
[Black "Deepan Chakkravarthy, J."]
[Result "1-0"]
[WhiteElo "2552"]
[BlackElo "2331"]
[Annotator "Postny,Evgeny"]
[PlyCount "39"]
[EventDate "2004.04.19"]
[EventType "swiss"]
[EventRounds "9"]
[EventCountry "UAE"]
[SourceTitle "CBM 101"]
[Source "ChessBase"]
[SourceDate "2004.07.27"]
[SourceVersion "1"]
[SourceVersionDate "2004.07.27"]
[SourceQuality "1"]

1. e4 c5 2. Nf3 Nc6 3. Nc3 Nf6 4. Bb5 e5 {Relatively rare and risky line.} ({More popular continuations are:} 4... Nd4) (4... Qc7) (4... g6) 5. Bxc6 {The best reaction. In other cases black has easy equality.} (5. O-O d6 6. d3 Be7 7. h3 O-O 8. Bc4 h6 9. a3 Re8 10. Nh2 Be6 $11 {0-1 Morozevich,A-Kramnik,V/Frankfurt 2000/CBM 78 (45)}) 5... dxc6 6. Nxe5 (6. h3 Nd7 7. d3 {--> 1-0 Nizamov,I-Sitnikov,D/St Petersburg 1999/CBM 71 [Smirin] (49)}) 6... Nxe4 7. Nxe4 (7. Qh5 $6 Nd6 8. Ne4 g6 9. Qe2 Nxe4 10. Qxe4 Qd5 11. d3 Bf5 12. Qxd5 cxd5 $15 {0-1 Brkljaca,A-Kontic,D/Becici 1993/EXT 2000 (34)}) 7... Qd4 8. O-O (8. d3 Qxe5 9. f4 Qd5 10. Qe2 Be7 11. c4 Qd8 12. O-O O-O 13. f5 $14 {[%csl Rc8] 1-0 Glek,I-Kupreichik,V/Germany 2000/CBM 80 [Glek] (51)}) (8. Qe2 Qxe5 9. f4 Qxf4 (9... Qe7 10. f5 g6 11. f6 Qe5 12. d3 Bf5 13. Bd2 O-O-O 14. Bc3 Qe6 15. O-O c4 $132 {½-½ Gruenfeld,Y-Blanco,C/Philadelphia 2001/EXT 2002 (45)}) (9... Qe6 10. f5 Qe5 11. O-O Be7 12. d3 O-O 13. Qf2 f6 14. g4 c4 $13 {1-0 Pridorozhni,A-Smirnov,P/Tomsk 1999/EXT 2001 (33)}) 10. d4 (10. Nf6+ Kd8 11. Qe8+ Kc7 12. Qxf7+ Kd8 13. Qe8+ Kc7 14. Qf7+ Kd8 15. Qe8+ {½-½ Korneev,O-Murey,J/Paris 1995/EXT 97 (15)}) 10... Qh4+ 11. g3 Qe7 12. O-O f5 13. Nd6+ Kd7 14. Qxe7+ Bxe7 15. dxc5 Bxd6 16. Rd1 Ke8 17. cxd6 Be6 18. Bg5 Kd7 $11 {½-½ Anand,V-Kramnik,V/Monte Carlo 2003/CBM 93 ext (40)}) 8... Qxe5 9. d4 $1 {Sacrificing a pawn for a quick development.} (9. d3 Be7 10. Bd2 O-O 11. Bc3 Qc7 12. Qh5 $14 {1-0 Georgiev,K-Popadic,D/Budva 2003/CBM 96 ext (54)}) ({RR} 9. Re1 Be7 10. d3 O-O 11. Bd2 Qxb2 12. Bc3 Qb6 13. Qh5 f6 14. Re3 Qc7 15. Rae1 b6 16. Nxf6+ Bxf6 17. Bxf6 gxf6 18. Re7 {1-0 (18) Paravyan,D (2612)-Andreikin,D (2729) chess.com INT 2023}) 9... cxd4 $6 {Considering what happened in the game later, probably black should capture with the queen.} (9... Qxd4 10. Qf3 Be7 11. Bg5 f6 12. Rad1 Qxb2 13. Nd6+ Bxd6 14. Rfe1+ Kf7 15. Rxd6 Rf8 16. c3 Kg8 17. Bxf6 Bd7 18. Rxd7 Rxf6 19. Qg3 Rg6 20. Qd3 Rf6 $11 {0-1 Ovetchkin,R-Kokarev,D/Voronezh 2003/CBM 94 ext (34)}) 10. Re1 Be6 ({RR} 10... Be7 11. Bg5 O-O 12. Nf6+ Bxf6 13. Rxe5 Bxe5 14. Qd2 Re8 15. Re1 Bf5 {½-½ (15) Kwon,S (2239)-Kraus,T (2412) Pardubice CZE 2025}) 11. Bg5 $1 $146 {[%csl Re5][%cal Ge4f6][%mdl 136] Strong improvement. White simply prevents from black queenside castling and it's very hard (if possible at all) for black to neutralize white's initiative. White's development advantage is quite significant.} (11. Ng5 Qd5 12. Qg4 Kd7 13. Nxe6 fxe6 14. Be3 c5 15. Rad1 h5 16. Qg6 Qf5 17. Qxf5 exf5 18. c3 Bd6 19. cxd4 c4 $15 {0-1 Ristic,N-Kovacevic,P/Igalo 1994/EXT 2002 (41)}) 11... Be7 $146 {Black is already ready to give up his queen.} ({In case of} 11... Qd5 12. Bf6 $1 $36 {is very unpleasant for black. For example:} c5 13. c3 d3 14. c4 $1 Qxc4 $140 15. Bxg7 $1 $18) ({RR} 11... Qd5 12. Bf6 d3 13. c4 Qa5 14. Bc3 Qd8 15. Re3 Qh4 16. Qxd3 Rd8 17. Qe2 Be7 18. Bxg7 Rg8 19. Rg3 Kd7 20. Be5 Kc8 21. Rxg8 Rxg8 22. Bg3 Qg4 23. Qe3 b6 24. c5 Kb7 25. Nd6+ Bxd6 26. cxd6 {Kurmann,O (2452)-Markos,J (2566) Zuerich 2010 1-0 (46)}) 12. f4 $1 {Remarkable move. Magnus refrains from capturing the queen and correctly playing for the attack, which appears to be far stronger than expected...} (12. Nf6+ Bxf6 13. Rxe5 Bxe5 14. f4 Bc7 15. f5 {is in white's favour as well.}) 12... Qd5 (12... Qc7 13. Bxe7 Kxe7 14. Qxd4 Qb6 15. Nc5 Rhd8 16. Rxe6+ fxe6 17. Qxg7+ {with decisive attack.}) 13. Bxe7 Kxe7 {[%tqu "En","How should white continue?","","","f4f5","This is obvious, so no exclamation mark...",5]} 14. f5 {This is obvious, so no exclamation mark...} Qxf5 15. Qxd4 {Black's extra pawn does not help him to parry white's threats.} Qd5 (15... Rhd8 16. Qb4+ Ke8 17. Rad1 $18) 16. Qb4+ c5 17. Nxc5 a5 18. Qa3 Qd4+ 19. Kh1 Qb4 20. Qe3 {Black resigned in view of inevitable destruction of his position.} 1-0

[Event "Dubai op 6th"]
[Site "Dubai"]
[Date "2004.04.21"]
[Round "3"]
[White "Al Hadarani, Hatim"]
[Black "Carlsen, Magnus"]
[Result "0-1"]
[WhiteElo "2356"]
[BlackElo "2552"]
[Annotator "Postny,Evgeny"]
[PlyCount "60"]
[EventDate "2004.04.19"]
[EventType "swiss"]
[EventRounds "9"]
[EventCountry "UAE"]
[SourceTitle "CBM 101"]
[Source "ChessBase"]
[SourceDate "2004.07.27"]
[SourceVersion "1"]
[SourceVersionDate "2004.07.27"]
[SourceQuality "1"]

1. e4 c5 2. Nf3 Nc6 3. Bb5 g6 4. O-O Bg7 5. Re1 Nf6 6. c3 ({Solid alternative is} 6. e5 Nd5 7. Nc3) 6... O-O 7. d4 d5 8. exd5 {Black is doing fine in this opening line.} ({The alternative} 8. e5 {is more promising for white.}) 8... Qxd5 9. c4 Qd6 10. d5 $6 {After this move white is already worse!} (10. dxc5 Qxd1 11. Rxd1 Ne4 $132 {1-0 Ricardi,P-Kotronias,V/Yerevan 1996/EXT 97 (81)}) 10... Nd4 $1 (10... Na5 $6 11. Na3 a6 12. Ba4 b5 13. cxb5 Nxd5 14. Bg5 Rd8 15. Rb1 axb5 16. Nxb5 Qb6 17. Qe2 Nc6 18. Bb3 Bg4 19. h3 Bxf3 20. Qxf3 $14 {Anand,V-Kramnik,V/Moscow 1994/CBM 40 ext (71)}) 11. Nxd4 cxd4 12. h3 $6 (12. Qxd4 $6 Ng4 13. Qf4 Qxf4 14. Bxf4 Bxb2 $17 {½-½ Novik,M-Pantev,V/Sofia 1994/TD (51)}) ({Objectively better is} 12. Nd2 a6 (12... e5 13. Ba4 Bf5 $15 {0-1 Cozianu,C-Grigore,G/Bucharest 1994/EXT 98 (40)}) 13. Ba4 b5 14. Bb3 Bb7 15. cxb5 axb5 16. Nf3 Nxd5 17. Nxd4 Rfd8 18. Nf3 h6 $15 {0-1 Speelman/NN-Kasparov/Short/London 1993/EXT 2002 (48)}) 12... a6 13. Ba4 b5 {Breaking white's pawns chain in the centre black gets a big advantage.} 14. cxb5 axb5 15. Bxb5 (15. Bb3 Nxd5 16. Bxd5 Qxd5 17. Rxe7 Be6 $19 {[%csl Re7]}) 15... Qxd5 16. a4 (16. Be2 {--> 0-1 Gubanov,A-Svidler,P/St Petersburg 1995/CBM 47 [Svidler] (27)}) 16... Bb7 17. Bf1 e5 {Black achieved a dream from the opening. His control over the centre is absolute. It's curious that all this already appeared in practice...} 18. b4 $146 (18. Na3 $142 $17 {1-0 De Andrade,W-Coelho,L/Brasilia 2001/CBM 80 ext (35)}) 18... e4 {A picturesque position. All white's pieces are on the back rank, while he tries (for no avail) to push forward his queenside passed pawns...} 19. b5 $146 ({RR} 19. Nd2 e3 20. fxe3 dxe3 21. Nc4 Qxd1 22. Rxd1 Nd5 23. Ra3 Nc3 24. Re1 e2 25. Rxe2 Bd4+ 26. Be3 Nxe2+ 27. Bxe2 Bxe3+ 28. Nxe3 f5 29. b5 f4 30. Nc4 Rae8 31. Bf1 f3 32. gxf3 Bxf3 33. Ra1 Be2 {Hidalgo Santana,F (2116)-Molina Rodriguez,B (2070) Tenerife 2019 ½-½ (46)}) 19... Nd7 20. Ra3 $6 (20. Bb2 {was the least of the evils, but black is dominating in any case.}) 20... d3 21. Nd2 f5 {The rest of the game is rather pointless, but black definitely enjoyed every moment of it...} 22. Qb3 Rfc8 23. Qxd5+ Bxd5 24. a5 Bf8 25. Ra4 Nb6 26. Ra1 Bb4 {Big material losses are inevitable for white.} 27. a6 Rc2 28. Rd1 Bc3 29. Ra3 Rxc1 30. Rxc1 Bxd2 0-1

[Event "Dubai op 6th"]
[Site "Dubai"]
[Date "2004.04.22"]
[Round "4"]
[White "Carlsen, Magnus"]
[Black "Vladimirov, Yevgeniy"]
[Result "1-0"]
[WhiteElo "2552"]
[BlackElo "2621"]
[Annotator "Gofshtein,Leonid D"]
[PlyCount "69"]
[EventDate "2004.04.19"]
[EventType "swiss"]
[EventRounds "9"]
[EventCountry "UAE"]
[SourceTitle "CBM 101"]
[Source "ChessBase"]
[SourceDate "2004.07.27"]
[SourceVersion "1"]
[SourceVersionDate "2004.07.27"]
[SourceQuality "1"]

1. e4 c5 2. Nf3 Nc6 3. d4 cxd4 4. Nxd4 Nf6 5. Nc3 d6 6. Bg5 e6 7. Qd2 a6 8. O-O-O Bd7 9. f3 Rc8 {Black has tried several moves in this position, for example: a) 9...b5 or b) 9...d4. The main idea of 9...c8 is counterplay on the queenside as soon as possible.} (9... Qa5) (9... Be7) (9... Nxd4) (9... b5 10. Nxc6 Bxc6 11. Ne2 Be7 12. Nd4 Rc8 13. h4 O-O 14. Kb1 d5 15. e5 Nd7 16. Qe3 Re8 17. g4 Qb6 $132 {0-1 McShane,L-Boidman,Y/Rethymnon 2003/CBM 98 (53)}) (9... Nxd4 10. Qxd4 Be7 11. g4 Bc6 12. Be3 O-O 13. g5 Nd7 14. h4 b5 15. Kb1 b4 16. Ne2 d5 17. exd5 Bxd5 $132 {½-½ Tal,M-Balashov,Y/Tallinn 1973/MCL (28)}) 10. Be3 {10.g4 was also played, which usually leads to the same positions with a different move order} (10. g4 Be7 11. Be3 Ne5 12. g5 Nh5 13. Rg1 Qc7 14. f4 Nc4 15. Bxc4 Qxc4 $132 {1-0 Spivak,I-Aseev,K/Rostov 1993/TD (35)}) ({RR} 10. Nxc6 Bxc6 11. Kb1 Be7 12. h4 O-O 13. Bd3 b5 14. Ne2 Bb7 15. Nd4 Nd7 16. Qe3 Ne5 17. Be2 Qc7 18. f4 Nc6 19. Nxc6 Bxc6 20. Bxe7 Qxe7 21. Bf3 Qc7 22. Rd2 Rfd8 23. Rhd1 b4 24. h5 d5 {Jakovenko,D (2708)-Timofeev,A (2658) Sochi 2007 ½-½ (39)}) ({RR} 10. h4 Nxd4 11. Qxd4 h6 12. Be3 e5 13. Qd2 Qa5 14. Kb1 Be6 15. g4 Be7 16. Bh3 g5 17. hxg5 hxg5 18. Bg2 Rg8 19. Nd5 Qxd2 20. Nxf6+ Bxf6 21. Rxd2 Kd7 22. Bf1 Rh8 23. Rdh2 Rxh2 24. Rxh2 b5 {Bharadia Yash (2355)-Damljanovic,B (2388) Belgrade SRB 2025 1-0 (36)}) 10... Ne5 {Black decides not to exchange and keeping tension in the center. 10...d4 was also met with a further d7-c6 as was in the game given below.} (10... Nxd4 11. Bxd4 b5 12. g4 Bc6 13. g5 Nd7 14. h4 b4 15. Nb1 Qa5 $132 {Socko,B-Blehm,P/Warsaw 2001/CBM 82/½-½ (121)}) 11. g4 $146 ({RR} 11. Kb1 b5 12. Bd3 b4 13. Nce2 d5 14. exd5 Nxd5 15. Nf4 Nxd3 16. Qxd3 Nxe3 17. Qxe3 Bc5 18. Qd2 Ba4 19. b3 Bc6 20. Qe2 Qe7 21. Qxa6 Bd7 22. Nf5 exf5 23. Rhe1 Be3 24. Nd5 Qc5 25. Rxe3+ Kf8 {Venkatesh,M (2462)-Bluvshtein,M (2548) Montreal 2008 1-0 (34)}) 11... h6 {Black is stopping the advance of the white pawns and prepares d6-d5.} 12. h4 (12. Kb1 b5 13. Qe1 b4 14. Nce2 Nc4 15. Bc1 Qc7 $132 {½-½ Romero Leon,A-Campos,J/Mondariz 1996/EXT 98 (28)}) 12... b5 (12... g6 13. Be2 b5 14. g5 Nh5 15. f4 b4 16. Nb1 Nc4 17. Bxc4 Rxc4 $132 {1-0 Rasmussen,C-Ziska,B/Aarhus 1991/EXT 98 (40)}) 13. Bd3 b4 14. Nce2 d5 15. exd5 Nxd5 16. Nf4 Qa5 $5 $146 {Only this move is a novelty.} (16... Nxd3+ $5 17. Qxd3 Nxe3 18. Qxe3 Bc5 19. Nh5 O-O 20. g5 (20. Qe5 f6 21. Qe4 $13) 20... Qc7 $132 {0-1 Gazik,I-Popovic,P/Stary Smokovec 1991/CBM 26/[Boensch,U] (29)}) 17. Kb1 Nxf3 (17... Nxd3 18. Qxd3 Nxe3 19. Qxe3) 18. Qf2 $8 {[%mdl 512]} (18. Nxf3 Nc3+ 19. bxc3 bxc3 20. Qc1 Ba3 $19) 18... Nxe3 19. Qxe3 (19. Qxf3 Nxd1 20. Rxd1 Bd6 $19) 19... Nxd4 $5 (19... Bc5 20. Qxf3 Bxd4 21. Ng6 $1 $44) 20. Qxd4 Qc5 21. Qe4 {In spite of black's material advantage, white has a serious compensation. He has a development advantage and black's king is weak as well.} Qc6 {Black tries to remove the white queen from a central position. The tempting 21...c6 was bad as the next variations show.} (21... Bc6 22. Qe1 Bxh1 23. Nxe6 Qe7 24. Bf5 $3 $16 Bb7 25. Rd8+ $3 Rxd8 26. Nc7#) 22. Qe2 a5 (22... Bd6 23. Nh5 O-O 24. g5 $40) 23. Nh5 $44 {White activizes his pieces and brings them closer to the black king.} a4 24. Rhf1 $1 {[%cal Rf1f7]} Rc7 {[%cal Rc7f7] preparing the defence of f7} (24... Qc5 25. Qf3 Qe7 26. Qb7 $36) 25. Qf2 {[%cal Rf2f7]} Bc8 26. Qd4 $1 {[%cal Rh5g7,Rd4g7,Rd4d8] Further activizing the queen and creating concrete threats ro the black king.} Rd7 {Black is already not able to cope with the white's threats} (26... Rg8 27. Bb5 $18) 27. Nxg7+ $18 Bxg7 28. Qxg7 Rf8 29. Qxh6 {[%cal Rg4g6] White's material advantage and an open position of the black king make black's position undefencible.} b3 (29... a3 30. Qg5 $36 {[%cal Rd3b5]}) 30. axb3 axb3 31. cxb3 Ba6 {The exchange of the bishops doesn't change anything.} 32. Bxa6 Qxa6 33. Qf4 $1 Ra7 (33... Qb5 34. Qc4 $18) 34. Qb8+ Ke7 35. Qb4+ 1-0

[Event "Dubai op 6th"]
[Site "Dubai"]
[Date "2004.04.27"]
[Round "8"]
[White "Fedorov, Alexei"]
[Black "Carlsen, Magnus"]
[Result "1/2-1/2"]
[WhiteElo "2616"]
[BlackElo "2552"]
[PlyCount "34"]
[EventDate "2004.04.19"]
[EventType "swiss"]
[EventRounds "9"]
[EventCountry "UAE"]
[SourceTitle "CBM 101"]
[Source "ChessBase"]
[SourceDate "2004.07.27"]
[SourceVersion "1"]
[SourceVersionDate "2004.07.27"]
[SourceQuality "1"]

1. e4 e5 2. f4 exf4 3. Nf3 g5 4. h4 g4 5. Ne5 d6 6. Nxg4 Nf6 7. Nxf6+ Qxf6 8. Nc3 Nc6 9. Bb5 Kd8 10. Bxc6 bxc6 11. d3 Rg8 12. Qf3 Bh6 13. Qf2 Rb8 14. Ne2 Rxb2 15. Bxb2 Qxb2 16. O-O $146 ({RR} 16. Qd4 Qxc2 17. Rc1 Qxa2 18. Qa1 Qxa1 19. Rxa1 Rxg2 20. Rf1 Bh3 21. Rg1 f3 22. Rxg2 Bxg2 23. Nc3 Bg7 24. Ra3 Bf6 25. Nd1 Bxh4+ 26. Nf2 Bg3 27. Rxa7 h5 28. Ra8+ Ke7 29. Rg8 h4 30. Rg4 c5 {Westerinen,H (2412)-Bae,T (2318) Oslo 2002 0-1 (35)}) 16... Qxc2 17. Nxf4 Qxf2+ 1/2-1/2